000 00540nam a2200181Ia 4500
003 GCL
008 140319s9999 xx 000 0 eng d
040 _aGCL /
_cGCL
082 0 4 _a821.709
_bP I
100 1 _aPYLE, FOREST
245 1 0 _aTHE IDEOLOGY OF IMAGINATION: SUBJECT AND SOCIETY IN THE DISCOURSE OF ROMANTICISM /
_cPYLE, FOREST
260 _a[S.N] :
_bSTANFORD UNIVERSITY PRESS ،
_c1995
300 _a225 P
650 0 4 _aPOLITICAL AND SOCIAL VIEWS
650 0 4 _aLITERATURE - SOCIETY
650 0 4 _aIMAGINATION
942 _2ddc
_cBK
999 _c24214
_d24214